Score 0/25 Timer 08:00
4 Plays Today
% Correct
The Ellen DeGeneres Show
96%
Family Guy
95.1%
The Masked Singer
94.7%
The Big Bang Theory
94.5%
That '70s Show
90.8%
2 Broke Girls
90.7%
Modern Family
88.2%
30 Rock
86.9%
American Idol
86.4%
Desperate Housewives
86.2%
24
83.7%
Tiger King
83.5%
Mike & Molly
79.2%
% Correct
3rd Rock from the Sun
75.5%
The View
74.3%
Splitting Up Together
71.7%
Gilmore Girls
70.2%
How to Get Away with Murder
65.1%
The Mentalist
57.8%
The Goldbergs
56.1%
Criminal Minds
54.1%
Girls
54%
Great News
47%
Lip Sync Battle
31.9%
Shades of Blue
22.8%
Remove Ads.
Support Sporcle.
Get the best of Sporcle when you Go Orange. This ad-free experience offers more features, more stats, and more fun while also helping to support Sporcle. Thank you for becoming a member.

You're not logged in!

Compare scores with friends on all Sporcle quizzes.
OR
Log In

Show Comments

Extras

Top Quizzes Today


Score Distribution

Your Account Isn't Verified!

In order to create a playlist on Sporcle, you need to verify the email address you used during registration. Go to your Sporcle Settings to finish the process.

Report this User

Report this user for behavior that violates our Community Guidelines.

Details: